[Event "Gibraltar Masters 10th"]
[Site "Caleta"]
[Date "2012.01.30"]
[Round "7"]
[White "Conflitti, Alessandro"]
[Black "Pollo Mancilla, Ricardo"]
[Result "1-0"]
[WhiteElo "1792"]
[BlackElo "1450"]
[PlyCount "85"]
[EventDate "2012.01.24"]
[EventType "swiss"]
[EventRounds "10"]
[EventCountry "GGB"]
[SourceTitle "CBM 147"]
[Source "ChessBase"]
[SourceDate "2012.03.16"]
[SourceVersion "1"]
[SourceVersionDate "2012.03.16"]
[SourceQuality "1"]

1. e4 c5 2. Nf3 d6 3. Bb5+ Bd7 4. a4 a6 5. Bxd7+ Qxd7 6. d4 Qg4 7. 0-0 Qxe4 8. Re1 Qc6 9. dxc5 Qxc5 10. Be3 Qc6 11. Nc3 Nf6 12. Nd4 Qc7 13. Bg5 Nbd7 14. Ndb5 axb5 15. Nxb5 Qc6 16. Nxd6+ Kd8 17. Nxf7+ Ke8 18. Nxh8 Ra5 19. Bxf6 Qxf6 20. Qd2 Rh5 21. Rad1 Qc6 22. Qf4 Qf6 23. Qc7 Qc6 24. Qxc6 bxc6 25. b4 g6 26. Rd6 Ne5 27. Rd4 Bg7 28. Rde4 Bxh8 29. f4 Nf7 30. Rxe7+ Kf8 31. Re8+ Kg7 32. R1e7 Rf5 33. g3 Rd5 34. c4 Rd4 35. b5 cxb5 36. cxb5 Rxa4 37. b6 Ra1+ 38. Kg2 Ra2+ 39. Kh3 Kf6 40. b7 g5 41. Re6+ Kf5 42. g4+ Kxf4 43. b8Q+ 1-0

[Event "Padova op-A 10th"]
[Site "Padova"]
[Date "2007.12.23"]
[Round "8.15"]
[White "Pichierri, Gianmatteo"]
[Black "Conflitti, Alessandro"]
[Result "1-0"]
[WhiteElo "1569"]
[BlackElo "1664"]
[PlyCount "69"]
[EventDate "2007.12.15"]
[EventType "swiss"]
[EventRounds "9"]
[EventCountry "ITA"]
[SourceTitle "EXT 2024"]
[Source "ChessBase"]
[SourceDate "2023.10.10"]
[SourceVersion "1"]
[SourceVersionDate "2023.10.10"]
[SourceQuality "1"]

1. e4 e6 2. d4 d5 3. exd5 exd5 4. Bd3 Bd6 5. c3 Nc6 6. Ne2 Nge7 7. Qc2 Be6 8. Bf4 Ng6 9. Bxd6 Qxd6 10. Nd2 Nf4 11. Nxf4 Qxf4 12. a4 g6 13. b4 0-0 14. 0-0 Rfe8 15. a5 Ne7 16. Rfe1 Bf5 17. Bxf5 Nxf5 18. Nf3 f6 19. a6 bxa6 20. Qa4 Nd6 21. Qc6 Qf5 22. Qxc7 Ne4 23. Rxa6 Rac8 24. Qxa7 Nd2 25. Rxe8+ Rxe8 26. Nxd2 Re1+ 27. Nf1 Re2 28. Qb8+ Kg7 29. Qg3 Qb1 30. Ra8 Re1 31. Ra7+ Kf8 32. Qb8+ Re8 33. Qd6+ Kg8 34. Qxd5+ Kh8 35. Qf7 1-0

[Event "Padova op-A 10th"]
[Site "Padova"]
[Date "2007.12.19"]
[Round "5.13"]
[White "Belloni, Umberto"]
[Black "Conflitti, Alessandro"]
[Result "1-0"]
[WhiteElo "1912"]
[BlackElo "1664"]
[PlyCount "121"]
[EventDate "2007.12.15"]
[EventType "swiss"]
[EventRounds "9"]
[EventCountry "ITA"]
[SourceTitle "EXT 2024"]
[Source "ChessBase"]
[SourceDate "2023.10.10"]
[SourceVersion "1"]
[SourceVersionDate "2023.10.10"]
[SourceQuality "1"]

1. d4 Nf6 2. c3 e6 3. Bg5 Be7 4. Nd2 d5 5. Bxf6 Bxf6 6. f4 b6 7. e3 0-0 8. Ngf3 g6 9. Bd3 Nd7 10. Rc1 Bb7 11. Qe2 c5 12. 0-0 Bg7 13. b4 Rc8 14. Ba6 Bxa6 15. Qxa6 Rc7 16. b5 Qc8 17. Qxc8 Rfxc8 18. Nb3 cxd4 19. cxd4 Rc2 20. Rxc2 Rxc2 21. Rf2 Rc3 22. Re2 Nb8 23. Kf2 a6 24. bxa6 Nxa6 25. Nfd2 Nb4 26. Nb1 Rc2 27. Rxc2 Nxc2 28. Ke2 Bf8 29. Kd2 Na3 30. Nxa3 Bxa3 31. Kc3 Kg7 32. Nd2 Kf6 33. Nf3 Bd6 34. Kd3 h6 35. Ke2 Kf5 36. h3 g5 37. g4+ Kg6 38. fxg5 hxg5 39. Nd2 f5 40. Kf3 f4 41. exf4 Bxf4 42. Nb1 Kf6 43. h4 e5 44. dxe5+ Bxe5 45. hxg5+ Kxg5 46. Na3 Kf6 47. Nc2 Ke6 48. Ke3 Kf6 49. Nb4 Ke6 50. Nc2 Kf6 51. Nb4 d4+ 52. Ke4 Bd6 53. Nd5+ Kg5 54. Nxb6 Kxg4 55. Kxd4 Bf8 56. a4 Bb4 57. Nd5 Ba5 58. Kc5 Kf5 59. Kb5 Bd8 60. Nb6 Bc7 61. Kc6 1-0

[Event "Padova op-A 10th"]
[Site "Padova"]
[Date "2007.12.16"]
[Round "2.12"]
[White "Faccia, Sergio"]
[Black "Conflitti, Alessandro"]
[Result "1-0"]
[WhiteElo "2071"]
[BlackElo "1664"]
[PlyCount "51"]
[EventDate "2007.12.15"]
[EventType "swiss"]
[EventRounds "9"]
[EventCountry "ITA"]
[SourceTitle "EXT 2024"]
[Source "ChessBase"]
[SourceDate "2023.10.10"]
[SourceVersion "1"]
[SourceVersionDate "2023.10.10"]
[SourceQuality "1"]

1. e4 e6 2. c4 c5 3. Nf3 Nc6 4. d4 cxd4 5. Nxd4 a6 6. Be2 Qc7 7. 0-0 Nf6 8. Nc3 Be7 9. Kh1 0-0 10. f4 d6 11. Be3 b6 12. Re1 Bb7 13. Nd5 Qd8 14. Nxc6 Bxc6 15. Bxb6 Qd7 16. Nxe7+ Qxe7 17. e5 dxe5 18. fxe5 Qb7 19. Bf3 Bxf3 20. Qxf3 Qxb6 21. exf6 Qxb2 22. Qg3 g6 23. Qg5 Kh8 24. Re3 Rad8 25. Qh6 Rg8 26. Qxh7+ 1-0